| 000 | 00364nam a2200133Ia 4500 | ||
|---|---|---|---|
| 008 | 231228s1995 xx 000 0 und d | ||
| 041 | _aeng | ||
| 082 |
_a302.2 _bMEL |
||
| 100 | _aMELROSE (William) | ||
| 245 | _aGNVR: Core Skills Communication Intermediate/ Advancaed | ||
| 250 | _a2nd | ||
| 260 |
_aLondon _bPitman Publication London _c1995 |
||
| 300 | _aXI,162 | ||
| 999 |
_c1085270 _d1085270 |
||